Wheater's Basic Histopathology: (Record no. 700)

MARC details
000 -LEADER
fixed length control field 00594nam a22002177a 4500
003 - CONTROL NUMBER IDENTIFIER
control field OSt
005 - DATE AND TIME OF LATEST TRANSACTION
control field 20210419094307.0
008 - FIXED-LENGTH DATA ELEMENTS--GENERAL INFORMATION
fixed length control field 141106b xxu||||| |||| 00| 0 eng d
020 ## - INTERNATIONAL STANDARD BOOK NUMBER
International Standard Book Number 0443050880
040 ## - CATALOGING SOURCE
Transcribing agency DLC
082 ## - DEWEY DECIMAL CLASSIFICATION NUMBER
Classification number QZ4 W561g 1996
100 ## - MAIN ENTRY--PERSONAL NAME
Personal name Burkitt, H.G.;[et...al]
9 (RLIN) 1848
245 ## - TITLE STATEMENT
Title Wheater's Basic Histopathology:
Remainder of title a colour atlas and text
250 ## - EDITION STATEMENT
Edition statement 3rd ed.
260 ## - PUBLICATION, DISTRIBUTION, ETC. (IMPRINT)
Place of publication, distribution, etc. New York:
Name of publisher, distributor, etc. Churchill Livingstone;
Date of publication, distribution, etc. 1996
300 ## - PHYSICAL DESCRIPTION
Extent 288 p :
Other physical details col.ill;
Dimensions 27 cm.
504 ## - BIBLIOGRAPHY, ETC. NOTE
Bibliography, etc Includes Index.
650 ## - SUBJECT ADDED ENTRY--TOPICAL TERM
Topical term or geographic name as entry element Histopathology
9 (RLIN) 1849
650 ## - SUBJECT ADDED ENTRY--TOPICAL TERM
Topical term or geographic name as entry element Histology
9 (RLIN) 194
942 ## - ADDED ENTRY ELEMENTS (KOHA)
Source of classification or shelving scheme Other/Generic Classification Scheme
Koha item type Short Loan
Holdings
Withdrawn status Lost status Source of classification or shelving scheme Damaged status Not for loan Home library Current library Date acquired Source of acquisition Inventory number Total Checkouts Full call number Barcode Date last seen Koha item type
    Other/Generic Classification Scheme     MUST Main Library MUST Main Library 06/11/2014 Donation 06/26270   QZ 4 W561g 1996 2014-3298 06/11/2014 Short Loan